7 Muestras, 7 obras : teatro chileno actual /

Antología representativa de lo que han sido los últimos años de la escritura dramática chilena, bajo el impulso de la Muestra de Dramaturgia Nacional. Las siete obras reunidas en esta publicación son el reflejo de la dramaturgia chilena de fin de siglo, de la diversidad, del talento de los consagrad...

Full description

Bibliographic Details
Other Authors: Alvarez, Pablo 1963-
Format: Libro
Language:Spanish
Published: Santiago, Chile LOM 2001
Edition:1a. ed.
Subjects:
Online Access:

MARC

LEADER 00000cam a2200000 a 4500
001 028210
003 UAHC_CL
005 20170803122917.0
008 100416s2001 cl 000 d spa
020 |a 9562824268 
040 |a UAHC_CL  |c UAHC_CL  |d UAHC_CL 
082 0 4 |a Ch862.008  |b S573  |2 20 
245 1 0 |a 7 Muestras, 7 obras :  |b teatro chileno actual /  |c Pablo Alvarez ... [et al.]. 
246 2 |a Siete muestras, siete obras 
250 |a 1a. ed. 
260 |b LOM  |a Santiago, Chile  |c 2001 
300 |a 283 p. 
520 |a Antología representativa de lo que han sido los últimos años de la escritura dramática chilena, bajo el impulso de la Muestra de Dramaturgia Nacional. Las siete obras reunidas en esta publicación son el reflejo de la dramaturgia chilena de fin de siglo, de la diversidad, del talento de los consagrados, de la originalidad de los nuevos, de la condición incomparable del escritor de teatro en tanto "verbalizador del silencio", según palabras de Jorge Díaz. 
650 4 |a DRAMAS CHILENOS 
700 1 |a Alvarez, Pablo  |d 1963- 
900 |a Ch862.008 SIE 
942 |c BK 
952 |0 0  |1 0  |4 0  |6 CH_862_008000000000000_SIE  |7 0  |8 General  |9 55913  |a BC  |b BC  |c General  |d 2017-08-03  |l 0  |o Ch862.008 SIE  |p 1377749  |r 2025-11-26 00:00:00  |t 1  |w 2017-08-03  |y BK 
999 |c 28210  |d 28210